<?xml version='1.0' encoding='UTF-8'?>
  <record xmlns="http://www.loc.gov/MARC21/slim">
    <leader>00000cam a22000007i 4500</leader>
    <controlfield tag="001">ocm67814042</controlfield>
    <controlfield tag="003">OCoLC</controlfield>
    <controlfield tag="005">20251126010159.8</controlfield>
    <controlfield tag="008">990312s1533    fr            000 0 lat d</controlfield>
    <datafield tag="040" ind1=" " ind2=" ">
      <subfield code="a">NLGGC</subfield>
      <subfield code="b">eng</subfield>
      <subfield code="e">rda</subfield>
      <subfield code="e">dcrmr</subfield>
      <subfield code="c">NLGGC</subfield>
      <subfield code="d">QGJ</subfield>
      <subfield code="d">OCLCQ</subfield>
    </datafield>
    <datafield tag="029" ind1="0" ind2=" ">
      <subfield code="a">NLGGC</subfield>
      <subfield code="b">181105497</subfield>
    </datafield>
    <datafield tag="035" ind1=" " ind2=" ">
      <subfield code="a">(OCoLC)67814042</subfield>
    </datafield>
    <datafield tag="130" ind1="0" ind2=" ">
      <subfield code="a">Digesta.</subfield>
      <subfield code="k">Selections.</subfield>
      <subfield code="s">Perrin.</subfield>
    </datafield>
    <datafield tag="245" ind1="0" ind2="0">
      <subfield code="a">In hoc enchiridio haec sunt: Titulus de verboru[m] &amp; rerum signifi. ff.. /</subfield>
      <subfield code="c">ab Aegidio Perrino officiali de Iosayo ex germana fide repositus. Titulus de regulis iuris tu[m] ex pa[n]dectis, tum ex decretalibus &amp; sexto. De gradibus affinitatis ex pandectis. Rubricae omnes Caesarei ac pontificij iuris. Sine quorum expedita notitia, manca est vtriusq[ue] iuris prudentia.</subfield>
    </datafield>
    <datafield tag="264" ind1=" " ind2="1">
      <subfield code="a">Parisijs :</subfield>
      <subfield code="b">i[n] officina Claudii Chevallonij,</subfield>
      <subfield code="c">Anno 1533</subfield>
    </datafield>
    <datafield tag="300" ind1=" " ind2=" ">
      <subfield code="a">[279] pages ;</subfield>
      <subfield code="c">12 cm (16mo)</subfield>
    </datafield>
    <datafield tag="336" ind1=" " ind2=" ">
      <subfield code="a">text</subfield>
      <subfield code="b">txt</subfield>
      <subfield code="2">rdacontent</subfield>
    </datafield>
    <datafield tag="337" ind1=" " ind2=" ">
      <subfield code="a">unmediated</subfield>
      <subfield code="b">n</subfield>
      <subfield code="2">rdamedia</subfield>
    </datafield>
    <datafield tag="338" ind1=" " ind2=" ">
      <subfield code="a">volume</subfield>
      <subfield code="b">nc</subfield>
      <subfield code="2">rdacarrier</subfield>
    </datafield>
    <datafield tag="340" ind1=" " ind2=" ">
      <subfield code="m">16mo</subfield>
      <subfield code="2">rdabf</subfield>
    </datafield>
    <datafield tag="500" ind1=" " ind2=" ">
      <subfield code="a">Colophon: Parisijs, ex officina Claudij Chevallonij.</subfield>
    </datafield>
    <datafield tag="500" ind1=" " ind2=" ">
      <subfield code="a">Initials; printed, marginal notes.</subfield>
    </datafield>
    <datafield tag="500" ind1=" " ind2=" ">
      <subfield code="a">Signatures: a-r⁸ s⁴; a2v and s4v are blank.</subfield>
    </datafield>
    <datafield tag="505" ind1="0" ind2="0">
      <subfield code="g">[I.]</subfield>
      <subfield code="t">Titulus de verborum &amp;t reru[m] significa[tione] ex quinguag[es]i[mo] lib. Pa[n]dectarum, secundu[m] ordinem aphabeti:  genuinae  ac purae antiquorum lectioni,</subfield>
      <subfield code="r">authore Aegidio Perrino ... --</subfield>
      <subfield code="g">[II.]</subfield>
      <subfield code="t">Titulus de regulis iuris ex quinquagesimo libro, Pandectarum, secu[n]dum ordine[m] alphabeticum. -</subfield>
      <subfield code="g">III.</subfield>
      <subfield code="t">Titulus de gradibus affinitatis &amp; consanguinitatis, &amp; nominibus eorum, ex trigesimooctavo Pandectarum. -- [IV.]</subfield>
      <subfield code="t">Rubricae totius iuris Caesarei  &amp; pontificij iuris.</subfield>
    </datafield>
    <datafield tag="510" ind1="4" ind2=" ">
      <subfield code="a">Moreau, B. Inventaire chronologique des éditions parisiennes du XVIe siècle,</subfield>
      <subfield code="c">4, 792</subfield>
    </datafield>
    <datafield tag="700" ind1="1" ind2=" ">
      <subfield code="a">Chevallon, Claude,</subfield>
      <subfield code="d">1479-1537,</subfield>
      <subfield code="e">printer.</subfield>
      <subfield code="4">prt</subfield>
    </datafield>
    <datafield tag="700" ind1="1" ind2=" ">
      <subfield code="a">Perrino, Egidio,</subfield>
      <subfield code="d">active 1508-1533,</subfield>
      <subfield code="e">editor.</subfield>
      <subfield code="4">edt</subfield>
    </datafield>
    <datafield tag="752" ind1=" " ind2=" ">
      <subfield code="a">France</subfield>
      <subfield code="d">Paris,</subfield>
      <subfield code="e">publication place.</subfield>
      <subfield code="4">pup</subfield>
    </datafield>
    <datafield tag="936" ind1=" " ind2=" ">
      <subfield code="a">BATCHLOAD</subfield>
    </datafield>
  </record>